00582nam a2200193Ia 450000500170000000800410001702000150005808200230007310000140009624500590011026000390016930000120020865000130022065000150023365000220024894200060027095200970027699900150037320250210002303.0240331s9999 xx 000 0 und d a0415015197 bBAM23630a305.401 aBammer, A 0aPartial Visions:bFeminism and Utopianism in the 1970s aNew York;aLondonbRoutledgec1991 a198 p., aFeminism aUtopianism aFeminist Politics cL 001040708LaWERCLbWERCLcSSCd2024-03-31l0o 305.4 BAMp3630r2024-03-31w2024-03-31yL c1743d1743